000 00818cam a22002411 4500
001 sa 67007576
003 DLC
005 20260227112417.0
008 761018s1964 io abc 000 0 ind
010 _asa 67007576
035 _a(OCoLC)2510384
040 _aDLC
_cIDeKN
_dDLC
042 _apremarc
050 0 0 _aDS511
_b.H87
100 0 _aHussein Ahmad.
245 1 0 _aSejarah Tenggara Asia, 1500-1945.
260 _a[Kota Bharu?]
_bPenerbit Kelantan
_c[1964]
300 _a273 p.,
_billus., maps, ports.,
_c19 cm.
500 _aOn verso of t. p.: Pustaka Aman.
500 _a"Mengikut sukatan pelajaran tawarikh yang telah di-kaji sa-mula bagi tahun 1964 dan 1965, untok pepereksaan F. M. C. dan O. S. C., tingkatan v."
500 _a"Bahan bachaan dan petekan": p. [3]
651 0 _aSoutheast Asia
_xHistory.
999 _c76670
_d76670